| 000 | 00642 a2200157 4500 | ||
|---|---|---|---|
| 003 | Nust | ||
| 005 | 20170207154214.0 | ||
| 040 | _cNust | ||
| 082 | _a378.4 | ||
| 245 |
_aLeeds Metroplitan University _bLeeds Metroplitan University |
||
| 260 |
_aLeeds _bInvestor in People _c2001 |
||
| 300 | _a232 p. | ||
| 505 | _aLeeds Life (Page-4), Leeds Metropolitan University (Page-8), The Learning Experience (Page-18), Student Life (Page-24), Becoming A Student (Page-30), Undergraduate Courses (Page-45), Postgraduate Courses (Page-162), Professional Courses (Page-213), Index (Page-219). | ||
| 538 | _aAlmirah No. 117 Shelf No. 2 | ||
| 650 | _aUG Prosectus | ||
| 942 |
_2ddc _cBK |
||
| 999 |
_c195004 _d195004 |
||